00577 2200217 4500001002100000005001500021035002000036007000300056008004100059020002200100082001200122084001900134100001800153245003800171260004000209300003100249650001000280856003700290990001600327990001600343INLIS00000000000288020251209040242 a0010-1124000124ta251209 0 ind  a978-602-1164-01-3 a297.122 a297.122 -REN-q0 aRendy Saputra1 aQuranic Insights for Entrepreneur aJakarta Timur :bBumi Aksara,c2024 a216 hlm. ;c21.0 x 14.0 cm 4aagama aPerpustakaan DPRD Sumatera Barat a00000008802 a00000008803